Laporan Projek FPSS (Ijazah Bacelor Sains Perikanan) 1988.

Main Author: Ezahan Ismail
Published: Serdang, Selangor: Universiti Pertanian Malaysia, 1988.
LEADER 00782cam a2200169 7i4500
001 0000135115
005 20080206090000.0
002 0000000178
090 0 0 |a LP 5 FPSS 1 1988  
100 0 # |a Ezahan Ismail  
235 0 0 |a Perseimbangan nutrien-natrien organik dan tak organik yang mempengaruhi kualiti air di Sungai Setiu dan kawasan perairan yang lain   |c Ezahan Ismail. 
245 0 0 |a Laporan Projek FPSS (Ijazah Bacelor Sains Perikanan) 1988. 
260 # # |a Serdang, Selangor:   |b Universiti Pertanian Malaysia,   |c 1988. 
300 |a xi, 83 p.:   |b ill.;   |c 30 cm.. 
502 # # |a Kajian menunjukan nutrien organik dan tak organik adalah tinggi kepekatannya pada masa air surut jika dibandingkan pada masa air pasang 
602 # # |a Laporan Projek FPSS 1988 
999 |a 1000382936  |b Book  |c Koleksi Arkib  |e BILIK ARKIB